| 000 | 004780000a22001810004500 | ||
|---|---|---|---|
| 003 | LK-CoMWRAF | ||
| 005 | 20231203221501.0 | ||
| 008 | 230817t ||||| |||| 00| 0 eng d | ||
| 020 | _a1859747493 | ||
| 040 |
_aLK-CoMWRAF _dLK-CoMWRAF _eLK-CoMWRAF |
||
| 041 | _aeng | ||
| 082 |
_a305 _bBIG |
||
| 245 |
_aThe Big Book of Cross Stitch _bFabulous Projects and Creative Ideas |
||
| 260 |
_bNew Holland _aU.K. _c2002 |
||
| 300 | _ap.144 | ||
| 650 | _aLearn Cross Stitch | ||
| 942 | _cBK | ||
| 999 |
_c800 _d800 |
||